000 00620cam a22002171 4500
001 he 65000844
003 DLC
005 20260227111431.0
008 841219s1964 is 000 0 heb
010 _ahe 65000844
035 _a(OCoLC)19196012
040 _aDLC
_cMH
_dDLC
042 _apremarc
050 0 0 _aDS110.N46
_bV5
100 1 _aVilnay, Zev,
_d1900-
245 1 0 _aNetanyah, birat ha-Sharon.
260 _a[Netanyah] :
_bʻIriyat Netanyah ʻal yede pirsum Ben-Gaʼon,
_c724, 1964.
300 _a86 p. :
_bill., facsim., maps, ports. ;
_c22 cm.
651 0 _aNetanyah (Israel)
752 _aIsrael
_dNetanyah
999 _c31175
_d31175